=LDR 00000nam 2200000 4500 =001 INLIS000000000011571 =005 20130612103124 =008 ***********************************Ind** =035 ##$$0010-061300000011571 =041 ##$$a Ind =082 ##$$a 646 =090 ##$$a 646, Dar b =100 ##$$a Davis, Noean =245 ##$$a Belajar menjahit, Noreen, Davis =260 ##$$a 1981 $b Jakarta =300 ##$$a 52 hlm., ilus, 47 cm =650 ##$$a Menjahit =850 ##$$a NBPNMAT